Standard request for proposals selection of consultants by the World Bank ADB, UNDP
محفوظ في:
| التنسيق: | كتاب |
|---|---|
| اللغة: | Undetermined |
| منشور في: |
Washington, D.C
1998
|
| الموضوعات: | |
| الوصول للمادة أونلاين: | http://lrc.tdmu.edu.vn/opac/search/detail.asp?aID=2&ID=15537 |
| الوسوم: |
إضافة وسم
لا توجد وسوم, كن أول من يضع وسما على هذه التسجيلة!
|
| Thư viện lưu trữ: | Trung tâm Học liệu Trường Đại học Thủ Dầu Một |
|---|
| LEADER | 00591nam a2200145Ia 4500 | ||
|---|---|---|---|
| 001 | TDMU_15537 | ||
| 008 | 210410s9999 xx 000 0 und d | ||
| 082 | |a 332.1 | ||
| 245 | 0 | |a Standard request for proposals selection of consultants by the World Bank | |
| 245 | 0 | |b ADB, UNDP | |
| 260 | |a Washington, D.C | ||
| 260 | |c 1998 | ||
| 650 | |a Ngân hàng |x Chính sách cho vay; Ngân hàng thế giới; World Bank; Bank |x Selection of consultants | ||
| 856 | |u http://lrc.tdmu.edu.vn/opac/search/detail.asp?aID=2&ID=15537 | ||
| 980 | |a Trung tâm Học liệu Trường Đại học Thủ Dầu Một | ||